| 000 | 02051cam a22004814i 4500 | ||
|---|---|---|---|
| 003 | PE-LiUPU | ||
| 005 | 20250731173109.0 | ||
| 008 | 181213s2018 tnua r 001 0 eng d | ||
| 020 | _a1462743773 | ||
| 020 | _a9781462743773 | ||
| 035 | _a(Sirsi) a251046 | ||
| 040 |
_aPE-LiUPU _bspa _cPE-LiUPU _erda |
||
| 049 | _aPRUA | ||
| 082 | 0 | 4 |
_a220.6 _bM19 _223 |
| 100 | 1 |
_aMalcolm, Matthew R., _d1975-, _eautor. |
|
| 245 | 1 | 0 |
_aFrom hermeneutics to exegesis : _bthe trajectory of biblical interpretation / _cMatthew Malcolm. |
| 264 | 1 |
_aNashville : _bB & H Academic, _c2018. |
|
| 300 |
_axvi, 176 páginas : _bilustraciones ; _c23 centímetros |
||
| 336 |
_atext _2rdacontent |
||
| 337 |
_aunmediated _2rdamedia |
||
| 338 |
_avolume _2rdacarrier |
||
| 504 | _aÍndice: páginas 167-176. | ||
| 505 | 0 | _aUnderstanding Hermeneutics and Exegesis -- The history of hermeneutics, Part 1: Socrates to Angela of Foligno -- History of Hermeneutics, Part 2: Luther to Present Day -- General and Special Hermeneutics -- Responsible Biblical Hermeneutics: General and theological Foundations -- A Hermeneutical Goal and Model -- Fruitful Instincts for the Interpreter of Christian Literature -- From Hermeneutics to Exegesis: Priming and Refining -- Exegetical Methods -- Interpreting the Old Testament -- Interpreting the New Testament. | |
| 526 | _aSEG42 | ||
| 526 | _aSEG41 | ||
| 526 | _aSEG40 | ||
| 526 | _aSEG39 | ||
| 526 | _aP94 | ||
| 526 | _aP87 | ||
| 526 | _aP86 | ||
| 526 | _aP85 | ||
| 526 | _aP77 | ||
| 526 | _aP76 | ||
| 526 | _aP35 | ||
| 650 | 0 |
_aBiblia _xcritismo, interpretación, |
|
| 650 | 4 | _aBiblia. | |
| 910 |
_adbm _brri _crri _d20181213 |
||
| 942 |
_2ddc _cBOOK |
||
| 994 |
_aC0 _bPEPRU |
||
| 596 | _a1 | ||
| 999 |
_a220.6 M19 _wDEWEY _c30498 _i79351 _d30498 _e2019-11-22 _f2021-11-9 _g4 _lCCODEBUL1 _mBUL _n1 _p12.50 _q1 _r0 _sY _tBOOK _u2018-12-13 _xTEOLOGIA _PP85 _0DONACION _1FCOMPR2 _o.STAFF. Colección Teología |
||
| 980 |
_81 _gALBERTO SANCHEZ Responsable de Automatización |
||